Metopas / (Record no. 50431)

MARC details
000 -LEADER
campo de control de longitud fija 00418nam a2200157 i 4500
001 - NÚMERO DE CONTROL
campo de control 50431
003 - IDENTIFICADOR DE NÚMERO DE CONTROL
campo de control ES-MaACL
005 - FECHA Y HORA DE LA ÚLTIMA TRANSACCIÓN
campo de control 20230906162158.0
007 - CAMPO FIJO DE DESCRIPCIÓN FÍSICA--INFORMACIÓN GENERAL
campo de control de longitud fija t|
008 - DATOS DE LONGITUD FIJA--INFORMACIÓN GENERAL
campo de control de longitud fija 030804s1965 sp ||||1| spa d
100 1# - ENTRADA PRINCIPAL--NOMBRE DE PERSONA
Nombre de persona Cuadrado, Aurelio.
9 (RLIN) 41884
245 10 - MENCIÓN DEL TÍTULO
Título Metopas /
Mención de responsabilidad, etc. Aurelio Cuadrado.
260 ## - PUBLICACIÓN, DISTRIBUCIÓN, ETC.
Lugar de publicación, distribución, etc. Palencia :
Nombre del editor, distribuidor, etc. [s.n.,
Fecha de publicación, distribución, etc. 1965] (
Fabricante Gráf. Colón)
300 ## - DESCRIPCIÓN FÍSICA
Extensión 88 p. ;
Dimensiones 21 cm.
852 ## - LOCALIZACIÓN
Ubicación ES-MaACL
Número de control de estantería C-28622
Sublocalización o colección R.57941
Holdings
Estatus retirado Estado de pérdida Estado de daño No para préstamo Biblioteca de origen Biblioteca actual Ubicación en estantería Fecha de adquisición Fuente de adquisición Total de préstamos Signatura topográfica completa Código de barras Visto por última vez Precio de reemplazo Tipo de ítem Koha
        Biblioteca del Ateneo de Madrid Biblioteca del Ateneo de Madrid Depósito 2 17/01/2008     C-28622 1053047 23/02/2023 23/02/2023 Libro impreso